Marketingový význam body image
Rôzne pohľady na body image. Kultúrou podmienené chápanie body image (BI). Významné pôsobenie médií a reklamy. Skúmanie body image. Využitie databázy Market & Media & Lifestyle-TGI. Výsledky výskumu.
Enregistré dans:
| Auteur principal: | |
|---|---|
| Format: | Chapitre de livre |
| Langue: | tchèque |
| Sujets: | |
| Tags: |
Pas de tags, Soyez le premier à ajouter un tag!
|
MARC
| LEADER | 00000naa$a2200000$$$4500 | ||
|---|---|---|---|
| 001 | 0100256 | ||
| 005 | 20231128110237.0 | ||
| 041 | 0 | |a cze | |
| 044 | |a CZ | ||
| 245 | 1 | 0 | |a Marketingový význam body image |c Jan Koudelka |
| 520 | |a Rôzne pohľady na body image. Kultúrou podmienené chápanie body image (BI). Významné pôsobenie médií a reklamy. Skúmanie body image. Využitie databázy Market & Media & Lifestyle-TGI. Výsledky výskumu. | ||
| 610 | 2 | 0 | |a marketing |
| 610 | 2 | 0 | |a výskum |
| 610 | 2 | 0 | |a spotrebitelia |
| 610 | 2 | 0 | |a imidž |
| 610 | 2 | 0 | |a zdravie |
| 610 | 2 | 0 | |a kultúra |
| 610 | 2 | 0 | |a reklama |
| 610 | 2 | 0 | |a médiá |
| 610 | 2 | 0 | |a Česko |
| 100 | 1 | |a Koudelka, Jan | |